00373nam a2200145Ia 4500008004100000020001800041082001300059100002000072245003800092250000600130260003900136300001600175500002400191650001200215230524s9999 xx 000 0 und d a9789380578507 a4.6bMOH aI.Chandra Mohan 0aFundamentals of Computer Networks a1 aNew DelhibI.K.Internationalc2012 a"XXI,249p;" aQuantity Number: 1 aComp-Sc